Farm management

Saved in:
Bibliografiske detaljer
Hovedforfatter: KAY, Ronald William M.Edwards Patricia A. Duffy
Format: Bog
Sprog:engelsk
Udgivet: Mc Graw - Hill 2020
Tags: Tilføj Tag
Ingen Tags, Vær først til at tagge denne postø!

MARC

LEADER 00000nam a22000007a 4500
008 210813b ||||| |||| 00| 0 eng d
020 |a 9781260566413 
100 |a KAY, Ronald  |a William M.Edwards  |a Patricia A. Duffy. 
245 |a Farm management  |c Ronald, D. Kay (and)W William. M.Edward (et al.....)  |g xii,484p ill. 
250 |b 9th edition 
260 |b Mc Graw - Hill  |c 2020  |d Book  |h New York  |i 696996  |i 696997  |l S561.K18  |m Farm management  |m Tittle 
500 |a " It includes index" 
942 |a lcc  |c BK  |e Olagoke,M.A.  |f 13/08/2021 
952 |0 0  |1 0  |2 lcc  |4 0  |7 0  |9 3024  |a HOL  |b AG  |c QZ  |d 2021-08-13  |o S561.K18  |p 2021-66721  |r 2021-08-13 00:00:00  |t 696796  |w 2021-08-13  |y BK 
952 |0 0  |1 0  |2 lcc  |4 0  |7 0  |9 3025  |a HOL  |b HOL  |c QZ  |d 2021-08-13  |o S561.K18  |p 2021-66722  |r 2021-08-13 00:00:00  |t 696797  |w 2021-08-13  |y BK 
999 |c 1534  |d 1534